[Event "Russian Women's Higher League 2021"]
[Site "?"]
[Date "2021.07.04"]
[Round "8.2"]
[White "Getman, Tatyana"]
[Black "Bodnaruk, Anastasia"]
[Result "1/2-1/2"]
[WhiteElo "2201"]
[BlackElo "2446"]
[Annotator ""]
[Source ""]
[Remark ""]

1.d4 {[%clk 1:30:58]} Nf6 {[%clk 1:30:55]} 2.c4 {[%clk 1:31:23]}
e6 {[%clk 1:30:56]} 3.Nc3 {[%clk 1:30:21]} Bb4 {[%clk 1:31:13]}
4.e3 {[%clk 1:29:38]} O-O {[%clk 1:31:31]} 5.Bd3 {[%clk 1:27:24]}
d5 {[%clk 1:31:02]} 6.cxd5 {[%clk 1:20:21]} exd5 {[%clk 1:29:52]}
7.Nge2 {[%clk 1:16:48]} Re8 {[%clk 1:23:20]} 8.f3 {[%clk 1:10:13]}
b6 {[%clk 1:14:08]} 9.O-O {[%clk 1:08:19]} Bb7 {[%clk 1:12:18]}
10.Qc2 {[%clk 1:04:15]} c5 {[%clk 1:05:14]} 11.a3 {[%clk 1:03:19]}
Bxc3 {[%clk 0:53:57]} 12.bxc3 {[%clk 1:03:06]} Nc6 {[%clk 0:50:41]}
13.Ng3 {[%clk 0:54:47]} Na5 {[%clk 0:46:42]} 14.Rb1 {[%clk 0:49:50]}
Qc7 {[%clk 0:38:51]} 15.Qf2 {[%clk 0:41:48]} cxd4 {[%clk 0:28:36]}
16.cxd4 {[%clk 0:42:10]} Nc4 {[%clk 0:28:59]} 17.Re1 {[%clk 0:36:16]}
Rad8 {[%clk 0:28:17]} 18.e4 {[%clk 0:29:28]} dxe4 {[%clk 0:21:45]}
19.fxe4 {[%clk 0:25:37]} Ng4 {[%clk 0:20:56]} 20.Qe2 {[%clk 0:22:43]}
Rxd4 {[%clk 0:20:05]} 21.Qxg4 {[%clk 0:22:28]} Ne5 {[%clk 0:18:18]}
22.Qg5 {[%clk 0:19:04]} f6 {[%clk 0:17:57]} 23.Qh5 {[%clk 0:19:09]}
g6 {[%clk 0:18:24]} 24.Qh4 {[%clk 0:18:48]} Nxd3 {[%clk 0:16:35]}
25.Rf1 {[%clk 0:14:25]} f5 {[%clk 0:13:20]} 26.Nxf5 {[%clk 0:10:56]}
gxf5 {[%clk 0:06:55]} 27.Bh6 {[%clk 0:11:20]} Qe7 {[%clk 0:03:54]}
28.Qg3+ {[%clk 0:09:51]} Kh8 {[%clk 0:04:23]} 29.Rxf5 {[%clk 0:06:46]}
Rg8 {[%clk 0:01:56]} 30.Rg5 {[%clk 0:03:52]} Rdd8 {[%clk 0:00:59]}
31.Rxg8+ {[%clk 0:01:12]} Rxg8 {[%clk 0:01:28]} 32.Qxd3 {[%clk 0:01:41]}
Rxg2+ {[%clk 0:01:24]} 33.Kf1 {[%clk 0:02:10]} Rg6 {[%clk 0:00:52]}
34.Bf4 {[%clk 0:01:07]} Bxe4 {[%clk 0:00:40]} 35.Qd4+ {[%clk 0:01:12]}
Kg8 {[%clk 0:00:34]} 36.Rc1 {[%clk 0:00:32]} Bc6 {[%clk 0:00:35]}
37.Qe5 {[%clk 0:00:31]} Re6 {[%clk 0:00:34]} 38.Qg5+ {[%clk 0:00:53]}
Qxg5 {[%clk 0:00:44]} 39.Bxg5 {[%clk 0:01:22]} Rg6 {[%clk 0:00:37]}
40.Bh4 {[%clk 0:31:39]} h5 {[%clk 0:30:41]} 41.Rc3 {[%clk 0:30:56]}
Kf7 {[%clk 0:29:50]} 42.Re3 {[%clk 0:29:12]} Rg4 {[%clk 0:27:22]}
43.Bg3 {[%clk 0:28:39]} h4 {[%clk 0:24:23]} 44.Bb8 {[%clk 0:28:41]}
h3 {[%clk 0:22:42]} 45.Rc3 {[%clk 0:26:11]} Bb5+ {[%clk 0:20:36]}
46.Kf2 {[%clk 0:25:25]} Rg2+ {[%clk 0:20:51]} 47.Ke3 {[%clk 0:20:59]}
Ke6 {[%clk 0:20:38]} 48.Kf4 {[%clk 0:16:12]} Rxh2 {[%clk 0:17:56]}
49.Kg4 {[%clk 0:16:24]} Rh1 {[%clk 0:17:17]} 50.Rxh3 {[%clk 0:16:39]}
Rxh3 {[%clk 0:17:21]} 1/2-1/2

[Event "Russian Women's Higher League 2021"]
[Site "?"]
[Date "2021.07.04"]
[Round "8.3"]
[White "Galliamova, Alisa"]
[Black "Voit, Daria"]
[Result "0-1"]
[WhiteElo "2442"]
[BlackElo "2354"]
[Annotator ""]
[Source ""]
[Remark ""]

1.d4 {[%clk 1:30:56]} Nf6 {[%clk 1:29:13]} 2.Nf3 {[%clk 1:31:12]}
e6 {[%clk 1:29:03]} 3.Bf4 {[%clk 1:31:10]} b6 {[%clk 1:17:22]}
4.e3 {[%clk 1:30:49]} Bb7 {[%clk 1:17:44]} 5.Bd3 {[%clk 1:29:45]}
Be7 {[%clk 1:17:11]} 6.h3 {[%clk 1:29:07]} c5 {[%clk 1:17:15]}
7.O-O {[%clk 1:24:30]} O-O {[%clk 1:17:32]} 8.c4 {[%clk 1:15:17]}
cxd4 {[%clk 1:13:57]} 9.Nxd4 {[%clk 1:10:18]} d5 {[%clk 1:12:18]}
10.Nc3 {[%clk 1:07:52]} Nbd7 {[%clk 0:49:14]} 11.cxd5 {[%clk 1:00:57]}
Nxd5 {[%clk 0:49:12]} 12.Nxd5 {[%clk 0:58:47]} Bxd5 {[%clk 0:49:38]}
13.Bb5 {[%clk 0:53:42]} Nc5 {[%clk 0:30:50]} 14.Nc6 {[%clk 0:32:02]}
Qd7 {[%clk 0:23:40]} 15.Nxe7+ {[%clk 0:31:38]} Qxe7 {[%clk 0:24:07]}
16.f3 {[%clk 0:26:24]} Rfd8 {[%clk 0:22:27]} 17.Qe1 {[%clk 0:24:01]}
e5 {[%clk 0:22:08]} 18.Bh2 {[%clk 0:20:30]} e4 {[%clk 0:21:22]}
19.Qc3 {[%clk 0:16:47]} exf3 {[%clk 0:17:19]} 20.gxf3 {[%clk 0:17:08]}
Qg5+ {[%clk 0:17:36]} 21.Kh1 {[%clk 0:16:48]} Ne4 {[%clk 0:16:00]}
22.Qe5 {[%clk 0:15:23]} Qxe3 {[%clk 0:12:45]} 23.Qf4 {[%clk 0:10:03]}
Qxf4 {[%clk 0:10:25]} 24.Bxf4 {[%clk 0:10:28]} Nd6 {[%clk 0:10:42]}
25.Ba4 {[%clk 0:09:51]} Nf5 {[%clk 0:06:29]} 26.Kg2 {[%clk 0:07:19]}
Rac8 {[%clk 0:05:43]} 27.Rac1 {[%clk 0:06:54]} Bxa2 {[%clk 0:04:39]}
28.Bd7 {[%clk 0:04:59]} Rxc1 {[%clk 0:04:35]} 29.Rxc1 {[%clk 0:05:25]}
Nh4+ {[%clk 0:04:05]} 30.Kg3 {[%clk 0:04:52]} Ng6 {[%clk 0:04:32]}
31.Rc7 {[%clk 0:02:25]} Nxf4 {[%clk 0:00:46]} 32.Kxf4 {[%clk 0:02:51]}
a6 {[%clk 0:00:49]} 33.Ke5 {[%clk 0:02:56]} Kf8 {[%clk 0:00:56]}
34.f4 {[%clk 0:03:10]} Bc4 {[%clk 0:00:39]} 35.Kd6 {[%clk 0:00:51]}
Be6 {[%clk 0:00:43]} 36.Kc6 {[%clk 0:00:40]} Rxd7 {[%clk 0:00:56]}
37.Rxd7 {[%clk 0:01:05]} Bxd7+ {[%clk 0:01:24]} 38.Kxd7 {[%clk 0:01:31]}
f5 {[%clk 0:01:35]} 39.h4 {[%clk 0:01:27]} Kf7 {[%clk 0:00:48]}
40.Kc6 {[%clk 0:31:48]} h6 {[%clk 0:31:00]} 41.Kxb6 {[%clk 0:30:11]}
g5 {[%clk 0:31:16]} 42.hxg5 {[%clk 0:30:37]} hxg5 {[%clk 0:31:41]} 0-1

[Event "Russian Women's Higher League 2021"]
[Site "?"]
[Date "2021.07.04"]
[Round "8.4"]
[White "Bivol, Alina"]
[Black "Belenkaya, Dina"]
[Result "1-0"]
[WhiteElo "2374"]
[BlackElo "2341"]
[Annotator ""]
[Source ""]
[Remark ""]

1.e4 {[%clk 1:30:41]} c6 {[%clk 1:30:49]} 2.d4 {[%clk 1:30:40]}
d5 {[%clk 1:31:09]} 3.exd5 {[%clk 1:29:16]} cxd5 {[%clk 1:31:30]}
4.Bd3 {[%clk 1:28:44]} Nc6 {[%clk 1:31:26]} 5.c3 {[%clk 1:28:53]}
g6 {[%clk 1:31:04]} 6.Nf3 {[%clk 1:26:58]} Nf6 {[%clk 1:30:33]}
7.Bf4 {[%clk 1:23:41]} Bf5 {[%clk 1:30:13]} 8.Bxf5 {[%clk 1:21:56]}
gxf5 {[%clk 1:30:38]} 9.Ne5 {[%clk 1:20:09]} e6 {[%clk 1:29:13]}
10.Nd2 {[%clk 1:19:56]} Bd6 {[%clk 1:28:10]} 11.O-O {[%clk 1:13:30]}
Qc7 {[%clk 1:23:35]} 12.Re1 {[%clk 1:11:55]} O-O-O {[%clk 1:12:59]}
13.Rc1 {[%clk 1:08:57]} Bxe5 {[%clk 0:57:19]} 14.Bxe5 {[%clk 1:06:15]}
Nxe5 {[%clk 0:56:41]} 15.dxe5 {[%clk 1:06:39]} Ne4 {[%clk 0:52:52]}
16.Qe2 {[%clk 1:01:35]} Kb8 {[%clk 0:48:19]} 17.Nf3 {[%clk 1:00:28]}
Rhg8 {[%clk 0:34:04]} 18.Nd4 {[%clk 0:54:42]} h5 {[%clk 0:26:09]}
19.f3 {[%clk 0:53:22]} Ng5 {[%clk 0:25:43]} 20.Kh1 {[%clk 0:51:30]}
h4 {[%clk 0:25:45]} 21.Qe3 {[%clk 0:50:26]} h3 {[%clk 0:25:12]}
22.g3 {[%clk 0:48:27]} Qb6 {[%clk 0:24:41]} 23.Rc2 {[%clk 0:48:44]}
Ka8 {[%clk 0:21:23]} 24.a4 {[%clk 0:46:22]} Rc8 {[%clk 0:19:33]}
25.b4 {[%clk 0:45:01]} Rc4 {[%clk 0:17:49]} 26.a5 {[%clk 0:42:00]}
Qa6 {[%clk 0:16:20]} 27.Rcc1 {[%clk 0:41:20]} Rc7 {[%clk 0:14:54]}
28.b5 {[%clk 0:30:09]} Qxa5 {[%clk 0:15:15]} 29.Ra1 {[%clk 0:28:11]}
Qb6 {[%clk 0:13:14]} 30.Ra3 {[%clk 0:27:04]} Kb8 {[%clk 0:04:45]}
31.Rea1 {[%clk 0:23:54]} Kc8 {[%clk 0:04:34]} 32.Rxa7 {[%clk 0:23:46]}
Kd7 {[%clk 0:04:55]} 33.Nxf5 {[%clk 0:16:26]} Qxb5 {[%clk 0:02:31]}
34.Nh6 {[%clk 0:15:28]} Qb2 {[%clk 0:02:24]} 35.R7a2 {[%clk 0:15:11]}
Qxc3 {[%clk 0:02:29]} 36.Qxc3 {[%clk 0:15:20]} Rxc3 {[%clk 0:02:58]}
37.Nxg8 {[%clk 0:15:36]} Nxf3 {[%clk 0:02:40]} 38.Nf6+ {[%clk 0:15:11]}
Ke7 {[%clk 0:02:55]} 39.Ng4 {[%clk 0:14:21]} Rc4 {[%clk 0:02:46]}
40.Rf1 {[%clk 0:42:47]} Re4 {[%clk 0:30:46]} 41.Rb2 {[%clk 0:42:21]}
Kf8 {[%clk 0:21:48]} 42.Nf2 {[%clk 0:37:27]} Rxe5 {[%clk 0:21:32]}
43.Nxh3 {[%clk 0:37:46]} Nd4 {[%clk 0:18:39]} 44.Rxb7 {[%clk 0:37:51]}
Nf5 {[%clk 0:18:18]} 45.Ng5 {[%clk 0:37:52]} d4 {[%clk 0:15:45]}
46.Rxf7+ {[%clk 0:37:29]} Kg8 {[%clk 0:15:18]} 47.Ra1 {[%clk 0:37:29]}
Nxg3+ {[%clk 0:15:33]} 48.hxg3 {[%clk 0:37:53]} Rxg5 {[%clk 0:16:00]}
49.Rd7 {[%clk 0:38:06]} Rg7 {[%clk 0:15:03]} 50.Ra8+ {[%clk 0:38:13]}
Kh7 {[%clk 0:15:29]} 51.Raa7 {[%clk 0:38:36]} 1-0

[Event "Russian Women's Higher League 2021"]
[Site "?"]
[Date "2021.07.04"]
[Round "8.5"]
[White "Protopopova, Anastasiya"]
[Black "Charochkina, Daria"]
[Result "0-1"]
[WhiteElo "2286"]
[BlackElo "2333"]
[Annotator ""]
[Source ""]
[Remark ""]

1.d4 {[%clk 1:30:59]} g6 {[%clk 1:27:31]} 2.c4 {[%clk 1:31:05]}
Bg7 {[%clk 1:27:49]} 3.e4 {[%clk 1:30:42]} Nc6 {[%clk 1:28:15]}
4.Be3 {[%clk 1:26:37]} e5 {[%clk 1:27:55]} 5.Nf3 {[%clk 1:21:01]}
exd4 {[%clk 1:27:50]} 6.Nxd4 {[%clk 1:21:18]} Qf6 {[%clk 1:28:03]}
7.Nxc6 {[%clk 1:19:58]} dxc6 {[%clk 1:23:21]} 8.Nc3 {[%clk 1:18:08]}
Qe7 {[%clk 1:23:40]} 9.Qc2 {[%clk 1:14:08]} Nf6 {[%clk 1:21:59]}
10.Be2 {[%clk 1:02:45]} Ng4 {[%clk 1:20:07]} 11.Bxg4 {[%clk 0:59:17]}
Bxg4 {[%clk 1:20:22]} 12.O-O {[%clk 0:59:28]} Be6 {[%clk 1:16:56]}
13.b3 {[%clk 0:53:37]} O-O-O {[%clk 1:01:04]} 14.f4 {[%clk 0:46:20]}
Kb8 {[%clk 0:54:08]} 15.Rae1 {[%clk 0:44:44]} Bc8 {[%clk 0:51:55]}
16.a3 {[%clk 0:41:07]} Qd7 {[%clk 0:45:39]} 17.Rd1 {[%clk 0:39:06]}
Qg4 {[%clk 0:45:08]} 18.Ne2 {[%clk 0:33:29]} Rhe8 {[%clk 0:42:32]}
19.Bd4 {[%clk 0:29:56]} Bf8 {[%clk 0:39:20]} 20.b4 {[%clk 0:27:15]}
b6 {[%clk 0:37:02]} 21.Be5 {[%clk 0:18:47]} c5 {[%clk 0:26:24]}
22.Nc3 {[%clk 0:17:52]} Rxd1 {[%clk 0:26:08]} 23.Rxd1 {[%clk 0:17:47]}
Rxe5 {[%clk 0:22:38]} 24.fxe5 {[%clk 0:18:11]} cxb4 {[%clk 0:23:07]}
25.axb4 {[%clk 0:18:18]} Bxb4 {[%clk 0:23:31]} 26.Nd5 {[%clk 0:17:17]}
Bc5+ {[%clk 0:23:56]} 27.Kh1 {[%clk 0:17:43]} Qh5 {[%clk 0:20:02]}
28.Qd2 {[%clk 0:10:39]} Qxe5 {[%clk 0:15:51]} 29.Qd3 {[%clk 0:08:28]}
Bd6 {[%clk 0:15:15]} 30.g3 {[%clk 0:08:52]} h5 {[%clk 0:12:25]}
31.Qd4 {[%clk 0:05:58]} Qg5 {[%clk 0:12:13]} 32.Qe3 {[%clk 0:03:48]}
Qg4 {[%clk 0:10:39]} 33.Rb1 {[%clk 0:04:09]} h4 {[%clk 0:09:45]}
34.gxh4 {[%clk 0:03:06]} Qxh4 {[%clk 0:09:12]} 35.Rb2 {[%clk 0:03:23]}
Bh3 {[%clk 0:05:06]} 36.Rb3 {[%clk 0:01:28]} Bf5 {[%clk 0:04:16]}
37.e5 {[%clk 0:00:54]} Be4+ {[%clk 0:04:33]} 38.Kg1 {[%clk 0:01:19]}
Bc5 {[%clk 0:02:51]} 39.Rb4 0-1

[Event "Russian Women's Higher League 2021"]
[Site "?"]
[Date "2021.07.04"]
[Round "8.6"]
[White "Afonasieva, Anna"]
[Black "Zherebtsova, Alexandra"]
[Result "1-0"]
[WhiteElo "2323"]
[BlackElo "2155"]
[Annotator ""]
[Source ""]
[Remark ""]

1.d4 {[%clk 1:30:59]} Nf6 {[%clk 1:30:46]} 2.Nf3 {[%clk 1:31:21]}
g6 {[%clk 1:31:05]} 3.g3 {[%clk 1:31:19]} Bg7 {[%clk 1:30:30]}
4.Bg2 {[%clk 1:31:43]} d5 {[%clk 1:30:46]} 5.O-O {[%clk 1:32:05]}
O-O {[%clk 1:29:47]} 6.c3 {[%clk 1:29:56]} Nbd7 {[%clk 1:22:27]}
7.Bf4 {[%clk 1:28:43]} c5 {[%clk 1:19:32]} 8.Ne5 {[%clk 1:27:12]}
Qb6 {[%clk 1:00:01]} 9.Qb3 {[%clk 1:24:04]} cxd4 {[%clk 0:48:59]}
10.Qxb6 {[%clk 1:21:32]} Nxb6 {[%clk 0:49:17]} 11.cxd4 {[%clk 1:21:56]}
Bf5 {[%clk 0:44:04]} 12.Nc3 {[%clk 1:19:34]} h6 {[%clk 0:42:35]}
13.Rac1 {[%clk 1:09:53]} Rac8 {[%clk 0:34:54]} 14.Rfd1 {[%clk 1:03:04]}
g5 {[%clk 0:31:11]} 15.Be3 {[%clk 1:01:46]} a6 {[%clk 0:29:09]}
16.Nd3 {[%clk 0:45:34]} e6 {[%clk 0:26:34]} 17.b3 {[%clk 0:41:56]}
Ng4 {[%clk 0:21:59]} 18.Nc5 {[%clk 0:39:23]} Nxe3 {[%clk 0:20:05]}
19.fxe3 {[%clk 0:39:48]} Rc7 {[%clk 0:19:14]} 20.a4 {[%clk 0:38:15]}
Rd8 {[%clk 0:10:22]} 21.a5 {[%clk 0:34:59]} Nc8 {[%clk 0:10:08]}
22.N3a4 {[%clk 0:22:22]} Na7 {[%clk 0:07:27]} 23.Nb6 {[%clk 0:20:08]}
Nb5 {[%clk 0:06:01]} 24.Kf1 {[%clk 0:15:18]} h5 {[%clk 0:05:00]}
25.Nca4 {[%clk 0:12:12]} Re7 {[%clk 0:04:52]} 26.Rc5 {[%clk 0:07:02]}
Na7 {[%clk 0:03:28]} 27.Rdc1 {[%clk 0:05:31]} Nc6 {[%clk 0:02:59]}
28.Rxc6 {[%clk 0:02:20]} bxc6 {[%clk 0:03:25]} 29.Rxc6 {[%clk 0:02:48]}
Bf8 {[%clk 0:02:22]} 30.Nc5 {[%clk 0:02:30]} Ra7 {[%clk 0:02:25]}
31.b4 {[%clk 0:01:43]} h4 {[%clk 0:01:18]} 32.gxh4 {[%clk 0:00:55]}
gxh4 {[%clk 0:01:46]} 33.Nba4 {[%clk 0:00:48]} h3 {[%clk 0:01:26]}
34.Bf3 {[%clk 0:01:13]} Rda8 {[%clk 0:01:21]} 35.Kf2 {[%clk 0:01:13]}
Be7 {[%clk 0:01:29]} 36.Kf1 {[%clk 0:00:48]} Bg5 {[%clk 0:01:30]}
37.e4 {[%clk 0:00:57]} dxe4 {[%clk 0:01:17]} 38.Nxe4 {[%clk 0:01:19]}
Be7 {[%clk 0:01:27]} 39.Nac5 {[%clk 0:01:03]} Bg6 {[%clk 0:00:44]}
40.Nf2 {[%clk 0:30:58]} Bxc5 {[%clk 0:30:49]} 41.bxc5 {[%clk 0:27:13]}
Rd8 {[%clk 0:26:53]} 42.e3 {[%clk 0:27:01]} Kf8 {[%clk 0:25:45]}
43.Nxh3 {[%clk 0:13:12]} e5 {[%clk 0:24:12]} 44.dxe5 {[%clk 0:12:35]}
Rd3 {[%clk 0:21:31]} 45.Kf2 {[%clk 0:12:05]} Rd2+ {[%clk 0:20:27]}
46.Kg3 {[%clk 0:12:13]} Ra2 {[%clk 0:19:53]} 47.Nf4 {[%clk 0:12:05]}
Rxa5 {[%clk 0:16:28]} 48.h4 {[%clk 0:11:53]} Rb5 {[%clk 0:08:49]}
49.h5 {[%clk 0:10:11]} Bb1 {[%clk 0:09:05]} 50.h6 {[%clk 0:07:56]}
Kg8 {[%clk 0:08:00]} 51.Nd5 {[%clk 0:08:03]} Bf5 {[%clk 0:05:12]}
52.Nf6+ {[%clk 0:06:28]} Kf8 {[%clk 0:04:50]} 53.Be4 {[%clk 0:06:05]}
Be6 {[%clk 0:04:45]} 54.Rd6 {[%clk 0:03:15]} Rb8 {[%clk 0:04:37]}
55.c6 {[%clk 0:02:30]} a5 {[%clk 0:04:19]} 56.Bd5 {[%clk 0:01:39]}
Rc8 {[%clk 0:01:23]} 57.Nh5 {[%clk 0:00:42]} Kg8 {[%clk 0:01:11]}
58.Rxe6 {[%clk 0:00:53]} a4 {[%clk 0:01:05]} 59.Rg6+ {[%clk 0:01:04]}
Kh8 {[%clk 0:01:16]} 60.Rg7 {[%clk 0:01:17]} Rg8 {[%clk 0:01:28]}
61.Kf4 {[%clk 0:01:26]} a3 {[%clk 0:01:51]} 62.Rxg8+ {[%clk 0:01:07]}
Kxg8 {[%clk 0:02:16]} 63.Nf6+ {[%clk 0:01:35]} Kf8 {[%clk 0:01:50]}
64.Ba2 {[%clk 0:01:32]} Ra4+ {[%clk 0:01:47]} 65.e4 {[%clk 0:01:36]}
Ra6 {[%clk 0:01:58]} 66.c7 {[%clk 0:01:06]} Rc6 {[%clk 0:02:17]}
67.Kg5 {[%clk 0:00:48]} Rc2 {[%clk 0:02:18]} 68.Bb3 {[%clk 0:00:59]}
Rc3 {[%clk 0:02:32]} 69.Bd5 {[%clk 0:01:25]} Rc2 {[%clk 0:02:50]}
70.Ne8 {[%clk 0:01:10]} Kg8 {[%clk 0:02:19]} 71.Kf6 {[%clk 0:01:03]}
Kh7 {[%clk 0:02:37]} 72.Kxf7 {[%clk 0:01:01]} Kxh6 {[%clk 0:02:58]}
73.Ke7 {[%clk 0:01:08]} 1-0

[Event "Russian Women's Higher League 2021"]
[Site "?"]
[Date "2021.07.04"]
[Round "8.7"]
[White "Nosacheva, Mariya"]
[Black "Garifullina, Leya"]
[Result "1/2-1/2"]
[WhiteElo "2226"]
[BlackElo "2399"]
[Annotator ""]
[Source ""]
[Remark ""]

1.e4 {[%clk 1:30:59]} c5 {[%clk 1:30:51]} 2.Nf3 {[%clk 1:31:19]}
d6 {[%clk 1:31:14]} 3.d4 {[%clk 1:31:43]} cxd4 {[%clk 1:31:40]}
4.Nxd4 {[%clk 1:32:07]} Nf6 {[%clk 1:32:04]} 5.Nc3 {[%clk 1:32:30]}
a6 {[%clk 1:32:27]} 6.g3 {[%clk 1:32:56]} e5 {[%clk 1:32:33]}
7.Nb3 {[%clk 1:33:20]} Be7 {[%clk 1:25:19]} 8.Bg2 {[%clk 1:32:38]}
Bg4 {[%clk 1:25:30]} 9.Qd3 {[%clk 1:30:13]} Qc8 {[%clk 1:21:56]}
10.O-O {[%clk 1:26:41]} Be6 {[%clk 1:16:08]} 11.Re1 {[%clk 1:26:11]}
Nbd7 {[%clk 1:14:47]} 12.Nd2 {[%clk 1:18:30]} Nc5 {[%clk 1:11:02]}
13.Qe2 {[%clk 1:18:14]} b5 {[%clk 1:10:33]} 14.a4 {[%clk 1:06:52]}
bxa4 {[%clk 1:05:08]} 15.Nc4 {[%clk 1:03:26]} Rb8 {[%clk 1:01:39]}
16.Nxa4 {[%clk 0:59:07]} Nxa4 {[%clk 0:49:34]} 17.Rxa4 {[%clk 0:59:20]}
Bd7 {[%clk 0:49:15]} 18.Ra2 {[%clk 0:53:40]} Bb5 {[%clk 0:49:32]}
19.Bf1 {[%clk 0:53:58]} O-O {[%clk 0:47:16]} 20.b3 {[%clk 0:52:50]}
Ne8 {[%clk 0:42:11]} 21.Qf3 {[%clk 0:51:51]} f5 {[%clk 0:39:59]}
22.Ne3 {[%clk 0:45:28]} fxe4 {[%clk 0:34:19]} 23.Qxe4 {[%clk 0:45:32]}
Nf6 {[%clk 0:34:22]} 24.Nd5 {[%clk 0:44:58]} Nxd5 {[%clk 0:30:43]}
25.Qxd5+ {[%clk 0:44:46]} Kh8 {[%clk 0:31:05]} 26.Bg2 {[%clk 0:43:58]}
Qf5 {[%clk 0:29:08]} 27.Be3 {[%clk 0:43:46]} Rfc8 {[%clk 0:23:21]}
28.Be4 {[%clk 0:42:48]} Qg4 {[%clk 0:20:52]} 29.Ba7 {[%clk 0:43:08]}
Ra8 {[%clk 0:15:37]} 30.Qb7 {[%clk 0:38:12]} d5 {[%clk 0:14:14]}
31.Bxd5 {[%clk 0:34:59]} Bb4 {[%clk 0:14:20]} 32.Rb1 {[%clk 0:23:56]}
Bc3 {[%clk 0:13:57]} 33.Rxa6 {[%clk 0:23:53]} Qe2 {[%clk 0:11:03]}
34.Rb6 {[%clk 0:16:40]} Bd4 {[%clk 0:09:15]} 35.Rxb5 {[%clk 0:17:09]}
Qxc2 {[%clk 0:09:00]} 36.Bxd4 {[%clk 0:15:06]} Qxb1+ {[%clk 0:08:57]}
37.Kg2 {[%clk 0:15:21]} exd4 {[%clk 0:09:12]} 38.Be4 {[%clk 0:14:58]}
Qc1 {[%clk 0:08:22]} 39.Rh5 {[%clk 0:10:07]} h6 {[%clk 0:08:15]}
40.Qf7 {[%clk 0:36:19]} Ra1 {[%clk 0:33:50]} 41.Qf5 {[%clk 0:30:36]}
Qf1+ {[%clk 0:33:25]} 42.Kf3 {[%clk 0:30:59]} Qd1+ {[%clk 0:31:06]}
43.Kg2 {[%clk 0:31:19]} Qf1+ {[%clk 0:30:00]} 44.Kf3 {[%clk 0:31:44]}
Qd1+ {[%clk 0:30:04]} 45.Kg2 {[%clk 0:32:08]} Qf1+ {[%clk 0:30:22]}
46.Kf3 {[%clk 0:32:33]} 1/2-1/2

[Event "Russian Women's Higher League 2021"]
[Site "?"]
[Date "2021.07.04"]
[Round "8.8"]
[White "Goltseva, Ekaterina"]
[Black "Kovalevskaya, Ekaterina"]
[Result "1-0"]
[WhiteElo "2272"]
[BlackElo "2382"]
[Annotator ""]
[Source ""]
[Remark ""]

1.d4 {[%clk 1:30:58]} d5 {[%clk 1:30:53]} 2.c4 {[%clk 1:31:25]}
e6 {[%clk 1:31:17]} 3.Nc3 {[%clk 1:31:47]} Bb4 {[%clk 1:30:13]}
4.a3 {[%clk 1:27:14]} Bxc3+ {[%clk 1:30:05]} 5.bxc3 {[%clk 1:27:41]}
Nf6 {[%clk 1:27:45]} 6.e3 {[%clk 1:25:32]} O-O {[%clk 1:27:23]}
7.Bd3 {[%clk 1:23:42]} c5 {[%clk 1:24:01]} 8.cxd5 {[%clk 1:22:32]}
exd5 {[%clk 1:20:48]} 9.Ne2 {[%clk 1:22:16]} b6 {[%clk 1:07:10]}
10.O-O {[%clk 1:21:48]} Nbd7 {[%clk 1:04:20]} 11.f3 {[%clk 1:20:17]}
Bb7 {[%clk 1:04:27]} 12.Ng3 {[%clk 1:19:46]} Re8 {[%clk 1:02:41]}
13.Ra2 {[%clk 1:08:25]} Nf8 {[%clk 0:57:27]} 14.Raf2 {[%clk 1:04:49]}
Rc8 {[%clk 0:45:57]} 15.Re1 {[%clk 0:57:43]} Ne6 {[%clk 0:31:49]}
16.Bb2 {[%clk 0:46:02]} h5 {[%clk 0:26:49]} 17.Bb1 {[%clk 0:39:43]}
h4 {[%clk 0:15:20]} 18.Nf5 {[%clk 0:39:17]} cxd4 {[%clk 0:13:50]}
19.cxd4 {[%clk 0:38:11]} Nh7 {[%clk 0:10:14]} 20.Qd2 {[%clk 0:30:25]}
Nhg5 {[%clk 0:06:43]} 21.e4 {[%clk 0:23:10]} h3 {[%clk 0:05:57]}
22.e5 {[%clk 0:22:13]} hxg2 {[%clk 0:06:20]} 23.Kxg2 {[%clk 0:22:24]}
Rc6 {[%clk 0:05:41]} 24.h4 {[%clk 0:21:12]} Nh7 {[%clk 0:06:06]}
25.f4 {[%clk 0:20:42]} Bc8 {[%clk 0:04:23]} 26.Ng3 {[%clk 0:13:45]}
Nef8 {[%clk 0:04:04]} 27.f5 {[%clk 0:09:44]} Qxh4 {[%clk 0:03:31]}
28.Rh1 {[%clk 0:09:24]} Qg5 {[%clk 0:03:49]} 29.Qd1 {[%clk 0:09:21]}
g6 {[%clk 0:03:06]} 30.Bc1 {[%clk 0:08:07]} Rxc1 {[%clk 0:02:28]}
31.Qxc1 {[%clk 0:08:32]} gxf5 {[%clk 0:02:29]} 32.Qxg5+ {[%clk 0:02:43]}
Nxg5 {[%clk 0:02:57]} 33.Nxf5 {[%clk 0:02:04]} Bxf5 {[%clk 0:02:21]}
34.Rxf5 {[%clk 0:02:26]} Nge6 {[%clk 0:01:17]} 35.Rhf1 {[%clk 0:01:15]}
Re7 {[%clk 0:01:23]} 36.R5f3 {[%clk 0:01:27]} Nxd4 {[%clk 0:00:39]}
37.Rg3+ {[%clk 0:01:54]} Ng6 {[%clk 0:01:02]} 38.Bxg6 {[%clk 0:01:39]}
fxg6 {[%clk 0:01:31]} 39.Rxg6+ {[%clk 0:01:13]} Rg7 {[%clk 0:01:59]}
40.Rxg7+ {[%clk 0:31:15]} Kxg7 {[%clk 0:32:27]} 41.Kg3 {[%clk 0:24:54]}
Ne6 {[%clk 0:28:20]} 42.Kg4 {[%clk 0:22:33]} Nc5 {[%clk 0:06:16]}
43.Rd1 {[%clk 0:17:17]} Kf7 {[%clk 0:06:27]} 44.Kf5 {[%clk 0:17:37]}
Ne4 {[%clk 0:05:51]} 45.e6+ {[%clk 0:14:15]} Ke7 {[%clk 0:06:15]}
46.Rxd5 {[%clk 0:14:41]} Nc5 47.Rd1 {[%clk 0:13:58]} a6 {[%clk 0:02:10]}
48.Rd4 {[%clk 0:14:02]} a5 {[%clk 0:01:01]} 49.a4 {[%clk 0:14:15]}
Nb3 {[%clk 0:00:58]} 50.Rd7+ {[%clk 0:14:31]} Ke8 {[%clk 0:01:23]}
51.Kf6 {[%clk 0:14:46]} Nc5 {[%clk 0:01:38]} 52.Rd4 {[%clk 0:15:11]} 1-0

[Event "Russian Women's Higher League 2021"]
[Site "?"]
[Date "2021.07.04"]
[Round "8.9"]
[White "Grigorieva, Yulia"]
[Black "Chernyak, Viktoria"]
[Result "0-1"]
[WhiteElo "2143"]
[BlackElo "2315"]
[Annotator ""]
[Source ""]
[Remark ""]

1.d4 {[%clk 1:30:57]} d5 {[%clk 1:30:54]} 2.c4 {[%clk 1:31:23]}
e6 {[%clk 1:31:21]} 3.Nf3 {[%clk 1:31:40]} Nf6 {[%clk 1:31:39]}
4.Qc2 {[%clk 1:31:46]} dxc4 {[%clk 1:29:11]} 5.Qxc4 {[%clk 1:32:09]}
Nbd7 {[%clk 1:28:26]} 6.g3 {[%clk 1:26:57]} c5 {[%clk 1:27:19]}
7.dxc5 {[%clk 1:24:00]} Bxc5 {[%clk 1:22:00]} 8.Bg2 {[%clk 1:23:38]}
a6 {[%clk 1:21:26]} 9.Qc2 {[%clk 1:19:54]} O-O {[%clk 1:18:57]}
10.O-O {[%clk 1:19:42]} Qe7 {[%clk 1:14:01]} 11.Nc3 {[%clk 1:15:39]}
Rb8 {[%clk 1:09:39]} 12.e4 {[%clk 1:05:50]} Bd6 {[%clk 1:08:57]}
13.Re1 {[%clk 1:03:54]} Ne5 {[%clk 1:05:13]} 14.Be3 {[%clk 0:55:17]}
Nfg4 {[%clk 0:59:04]} 15.Ba7 {[%clk 0:52:11]} Ra8 {[%clk 0:58:37]}
16.Bb6 {[%clk 0:52:14]} Bd7 {[%clk 0:55:46]} 17.Nxe5 {[%clk 0:47:47]}
Nxe5 {[%clk 0:56:08]} 18.Rad1 {[%clk 0:47:10]} Rac8 {[%clk 0:52:58]}
19.a3 {[%clk 0:37:07]} Bc6 {[%clk 0:46:50]} 20.Qe2 {[%clk 0:33:56]}
Bc5 {[%clk 0:36:45]} 21.Bxc5 {[%clk 0:34:09]} Qxc5 {[%clk 0:37:14]}
22.Rc1 {[%clk 0:33:58]} Rfd8 {[%clk 0:33:12]} 23.Nd5 {[%clk 0:24:32]}
Qf8 {[%clk 0:31:55]} 24.Nf4 {[%clk 0:17:17]} g5 {[%clk 0:17:34]}
25.Nh5 {[%clk 0:15:23]} Nd3 {[%clk 0:17:43]} 26.Qg4 {[%clk 0:09:19]}
h6 {[%clk 0:17:54]} 27.Nf6+ {[%clk 0:05:44]} Kg7 {[%clk 0:13:01]}
28.Nh5+ {[%clk 0:05:02]} Kh8 {[%clk 0:13:08]} 29.h4 {[%clk 0:04:47]}
Qe7 {[%clk 0:11:50]} 30.e5 {[%clk 0:03:48]} Nxc1 {[%clk 0:09:16]}
31.Nf6 {[%clk 0:03:04]} Nd3 {[%clk 0:08:42]} 32.hxg5 {[%clk 0:01:01]}
Qf8 {[%clk 0:08:37]} 33.Bxc6 {[%clk 0:01:08]} Nxe1 {[%clk 0:08:02]}
34.Be4 {[%clk 0:00:34]} Nd3 {[%clk 0:06:53]} 35.f4 {[%clk 0:00:37]}
Rc1+ {[%clk 0:07:07]} 36.Kg2 {[%clk 0:00:57]} Rc2+ {[%clk 0:07:22]}
37.Kg1 {[%clk 0:01:11]} Qc5+ {[%clk 0:07:45]} 38.Kh1 {[%clk 0:01:31]}
Nf2+ {[%clk 0:08:08]} 0-1